Athens: City and empire / (Record no. 226425)
[ view plain ]
| 000 -LEADER | |
|---|---|
| fixed length control field | 00951pam a2200277 a 4500 |
| 001 - CONTROL NUMBER | |
| control field | 000639923 |
| 003 - CONTROL NUMBER IDENTIFIER | |
| control field | AM-YeHGA |
| 005 - DATE AND TIME OF LATEST TRANSACTION | |
| control field | 20250617140754.0 |
| 008 - FIXED-LENGTH DATA ELEMENTS--GENERAL INFORMATION | |
| fixed length control field | 890816s1989 enkab 000 0 eng d |
| 020 ## - INTERNATIONAL STANDARD BOOK NUMBER | |
| International Standard Book Number | 0521388740 |
| 040 ## - CATALOGING SOURCE | |
| Original cataloging agency | AM-YeHGA |
| 041 1# - LANGUAGE CODE | |
| Language code of text/sound track or separate title | eng |
| -- | grc |
| 043 ## - GEOGRAPHIC AREA CODE | |
| Geographic area code | e-gr--- |
| 090 ## - LOCALLY ASSIGNED LC-TYPE CALL NUMBER (OCLC); LOCAL CALL NUMBER (RLIN) | |
| -- | 227967 |
| 245 00 - TITLE STATEMENT | |
| Title | Athens: City and empire / |
| Statement of responsibility, etc. | Compiled from Thucydides, Plutarch, and other ancient sources by Ernest Heatley and Margaret Widdess. |
| 260 ## - PUBLICATION, DISTRIBUTION, ETC. | |
| Place of publication, distribution, etc. | Cambridge [England] ; |
| -- | New York : |
| Name of publisher, distributor, etc. | Cambridge University Press, |
| Date of publication, distribution, etc. | 1989. |
| 300 ## - PHYSICAL DESCRIPTION | |
| Extent | 80 p. : |
| Other physical details | ill., maps ; |
| Dimensions | 25 cm. |
| 490 1# - SERIES STATEMENT | |
| Series statement | Classical studies / Cambridge School Classics Project ; |
| Volume/sequential designation | Bk. 4 |
| 651 14 - SUBJECT ADDED ENTRY--GEOGRAPHIC NAME | |
| Geographic name | Athens (Greece) |
| General subdivision | History. |
| 700 0# - ADDED ENTRY--PERSONAL NAME | |
| Personal name | Thucydides. |
| 700 0# - ADDED ENTRY--PERSONAL NAME | |
| Personal name | Plutarch. |
| 700 1# - ADDED ENTRY--PERSONAL NAME | |
| Personal name | Heatley, Ernest. |
| 700 1# - ADDED ENTRY--PERSONAL NAME | |
| Personal name | Widdess, Margaret. |
| 830 #0 - SERIES ADDED ENTRY--UNIFORM TITLE | |
| Uniform title | Classical studies (Cambridge School Classics Project (Cambridge, England)) ; |
| Volume/sequential designation | Bk. 4. |
| 942 ## - ADDED ENTRY ELEMENTS (KOHA) | |
| Source of classification or shelving scheme | Universal Decimal Classification |
| Koha item type | Գրքեր / Books |
| Withdrawn status | Lost status | Source of classification or shelving scheme | Damaged status | Not for loan | Collection | Home library | Current library | Date acquired | Total checkouts | Full call number | Barcode | Date last seen | Price effective from | Koha item type | Public note |
|---|---|---|---|---|---|---|---|---|---|---|---|---|---|---|---|
| Universal Decimal Classification | Gulbenkian Individual Collection | Fundamental Scientific Library | Fundamental Scientific Library | 29/12/2016 | Gulb/7810 | FL0101094 | 29/12/2016 | 29/12/2016 | Գրքեր / Books | ILL Non-Circ. |
ՀՀ Գիտությունների ազգային ակադեմիայի հիմնարար գիտական գրադարան = Fundamental Scientific Library of NAS RA
All site content, except where otherwise noted, is licensed under a